<?xml version="1.0" encoding="UTF-8"?>
<collection xmlns="http://www.loc.gov/MARC21/slim">
 <record>
  <leader>00684pamaa2200169   4500</leader>
  <controlfield tag="001">0000051752</controlfield>
  <controlfield tag="005">20131010090000.0</controlfield>
  <controlfield tag="008">131011s2001                             eng  </controlfield>
  <datafield tag="090" ind1="0" ind2="0">
   <subfield code="a">KPG2095.A3612A4 </subfield>
   <subfield code="b">PEM 2001</subfield>
  </datafield>
  <datafield tag="245" ind1="1" ind2="0">
   <subfield code="a">Pembangunan Sumber Manusia Berhad Act 2001 (Act 612) and Pembangunan Sumber Manusia Berhad (Registration of employers and payment of levy regulations 2001.</subfield>
  </datafield>
  <datafield tag="300" ind1=" " ind2=" ">
   <subfield code="a">73p.: </subfield>
   <subfield code="b">ill.; </subfield>
   <subfield code="c">24 cm.</subfield>
  </datafield>
  <datafield tag="501" ind1="0" ind2="0">
   <subfield code="a">Library</subfield>
  </datafield>
  <datafield tag="650" ind1="0" ind2="0">
   <subfield code="a">Human capital -- </subfield>
   <subfield code="z">Malaysia </subfield>
  </datafield>
  <datafield tag="650" ind1="0" ind2="0">
   <subfield code="a">Manpower policy -- </subfield>
   <subfield code="z">Malaysia </subfield>
  </datafield>
  <datafield tag="710" ind1="1" ind2="1">
   <subfield code="a">Lembaga Penyelidikan Undang-Undang </subfield>
  </datafield>
  <datafield tag="740" ind1="0" ind2="0">
   <subfield code="a">Pembangunan Sumber Manusia Berhad Act 2001 (Act 612) and Regulations</subfield>
  </datafield>
  <datafield tag="901" ind1=" " ind2=" ">
   <subfield code="u">http://www.hrdnet.gov.my</subfield>
  </datafield>
 </record>
</collection>
